[Event "Port of Spain Knights op 45th"]
[Site "Port of Spain"]
[Date "2018.04.12"]
[Round "2"]
[White "Cupid, Kevin"]
[Black "Hermoso Rodriguez, Obdulis"]
[Result "1-0"]
[WhiteElo "2135"]
[BlackElo "1937"]
[PlyCount "111"]
[EventDate "2018.04.05"]
[EventType "swiss"]
[EventRounds "7"]
[EventCountry "TRI"]
[SourceTitle "CBM 184 Extra"]
[Source "ChessBase"]
[SourceDate "2018.06.28"]
[SourceVersion "1"]
[SourceVersionDate "2018.06.28"]
[SourceQuality "1"]

1. d4 Nf6 2. c4 e6 3. e3 d5 4. cxd5 exd5 5. Bd3 Bd6 6. Nc3 c6 7. Nge2 b6 8. Qc2 0-0 9. h3 c5 10. Bf5 Bxf5 11. Qxf5 Qd7 12. Qxd7 Nbxd7 13. g4 cxd4 14. exd4 Bb4 15. Kf1 Bxc3 16. Nxc3 h6 17. Be3 Rfd8 18. Kg2 Nf8 19. Rac1 Ne6 20. Rc2 Rac8 21. Rhc1 Rc7 22. Nb5 Rxc2 23. Rxc2 a6 24. Na7 Rd7 25. Rc8+ Kh7 26. Nc6 Rc7 27. Rxc7 Nxc7 28. f4 Ne4 29. f5 Nd6 30. Bf4 Nde8 31. Ne7 Kh8 32. f6 g5 33. Be5 Kh7 34. h4 Kh8 35. h5 Kh7 36. Kf3 Kh8 37. Ke3 Kh7 38. Kd3 Kh8 39. Kc3 Kh7 40. Kb4 Kh8 41. a4 a5+ 42. Kb3 Kh7 43. Nc8 Na8 44. Ka3 Kh8 45. b4 Kh7 46. Kb3 Kh8 47. Ne7 Nac7 48. bxa5 bxa5 49. Nc6 Na6 50. Nxa5 Nec7 51. Nc6 Na8 52. Nb4 N6c7 53. a5 Kg8 54. Nc6 Kh7 55. Ne7 Kh8 56. Kb4 1-0

[Event "Port of Spain Knights op 45th"]
[Site "Port of Spain"]
[Date "2018.04.05"]
[Round "1"]
[White "Hermoso Rodriguez, Obdulis"]
[Black "Johnson, Chaya"]
[Result "1-0"]
[WhiteElo "1937"]
[BlackElo "1175"]
[PlyCount "51"]
[EventDate "2018.04.05"]
[EventType "swiss"]
[EventRounds "7"]
[EventCountry "TRI"]
[SourceTitle "CBM 184 Extra"]
[Source "ChessBase"]
[SourceDate "2018.06.28"]
[SourceVersion "1"]
[SourceVersionDate "2018.06.28"]
[SourceQuality "1"]

1. e4 e5 2. Nf3 Bc5 3. Bc4 d6 4. h3 Nc6 5. c3 Nf6 6. Qe2 a6 7. a4 a5 8. 0-0 Nh5 9. d3 Nf4 10. Bxf4 exf4 11. d4 Ba7 12. Nbd2 h5 13. Bb5 Bg4 14. d5 Qd7 15. dxc6 bxc6 16. Bd3 Bb6 17. e5 d5 18. hxg4 hxg4 19. e6 fxe6 20. Ne5 Qd6 21. Bg6+ Ke7 22. Nf7 Qd7 23. Nxh8 Rxh8 24. Qxg4 Qd6 25. Nf3 Kf6 26. Qg5# 1-0